| 000 | 01302nam0a22002651 4500 | ||
|---|---|---|---|
| 001 | rc\3815027 | ||
| 005 | 20260407215434.0 | ||
| 021 |
_aRU _b[75-44155] |
||
| 035 | _a(NLR Aleph) 007273388 | ||
| 090 |
_a5433267 _c5433267 |
||
| 100 | _a20120410d1975 |||y0rusy50 ca | ||
| 101 | 0 | _arus | |
| 102 |
_aRU _aRU |
||
| 105 | _aa c ||||| | ||
| 200 | 1 |
_aУказания по применению электрического обогрева санитарно-бытовых помещений и открытых рабочих мест в строительстве _eУтв. Минтяжстроем УССР 27/IX 1974 г. _fНауч.-исслед. ин-т строит. производства Госстроя УССР |
|
| 210 |
_aКиев _c[НИИСП] _d1975 [обл. 1974] |
||
| 215 |
_a33 с. _cил. _d20 |
||
| 320 | _aСписок лит.: с. 32 (6 назв.) | ||
| 606 |
_aСтроительные площадки _xБытовые помещения _xОбогрев электрический _2psbo |
||
| 712 | 0 | 1 |
_aУССР _bМинистерство строительства предприятий тяжелой индустрии _3RU\NLR\AUTH\8810145429 _9785200 |
| 801 | 0 |
_aRU _bNLR _gpsbo |
|
| 801 | 1 |
_aRU _bELAR _2rusmarc |
|
| 852 |
_aNLR _jПт 80/444-01-74 |
||
| 942 | _cBOOK | ||
| 980 | _aNB | ||